[Event "Niedersachsen-chT U14"]
[Site "Lingen"]
[Date "2005.05.05"]
[Round "2.2"]
[White "Rieping, Michael"]
[Black "Mueller, Leon"]
[Result "1-0"]
[WhiteElo "1042"]
[BlackElo "1111"]
[PlyCount "101"]
[EventDate "2005.05.05"]
[EventType "team-swiss"]
[EventRounds "5"]
[EventCountry "GER"]
[SourceTitle "EXT 2007"]
[Source "ChessBase"]
[SourceDate "2006.11.23"]
[SourceVersion "1"]
[SourceVersionDate "2006.11.23"]
[SourceQuality "1"]

1. e4 e5 2. Nf3 Nc6 3. Bc4 Bc5 4. Nc3 Nf6 5. d3 d6 6. Bd2 Bg4 7. h3 Bh5 8. Qe2 Nd4 9. Qd1 h6 10. Na4 Nxf3+ 11. gxf3 Qd7 12. Nxc5 dxc5 13. Qe2 b5 14. Bb3 c4 15. dxc4 bxc4 16. Bxc4 Rb8 17. Bb3 0-0 18. 0-0-0 Qc6 19. Qd3 Rfd8 20. Qe3 Qb6 21. Qxb6 cxb6 22. Rdg1 Kh7 23. Rg3 g5 24. h4 g4 25. fxg4 Nxe4 26. gxh5 Nxd2 27. Bxf7 Ne4 28. Bg6+ Kh8 29. Bxe4 Rd4 30. f3 Rf8 31. Rhg1 a5 32. Rg6 Kh7 33. Rg8+ Rxe4 34. R8g7+ Kh8 35. fxe4 Rd8 36. R7g6 Kh7 37. Rxb6 Rd4 38. Rgg6 Rd7 39. Rxh6+ Kg7 40. Rbg6+ Kf8 41. Rh8+ Ke7 42. Rh7+ Kd8 43. Rxd7+ Kxd7 44. h6 Ke7 45. h7 Kf7 46. Rg1 Ke6 47. h8Q Kd6 48. Qc8 Ke7 49. Rg6 Kf7 50. Ra6 Ke7 51. Qb7+ 1-0